[Event "Mechanics' Fall TNM; 30/90, SD/30"]
[Site "San Francisco"]
[Date "2010.10.20"]
[Round "1.13"]
[White "Gray, William"]
[Black "Hilliard, Michael"]
[Result "1-0"]
[WhiteElo "2006"]
[BlackElo "1543"]
[PlyCount "47"]
[EventDate "2010.??.??"]

1. e4 c6 2. d4 d5 3. Nc3 dxe4 4. Nxe4 Nd7 5. Nf3 Ngf6 6. Ng3 e6 7. Bd3 Nb6 8.
O-O c5 9. b3 cxd4 10. Nxd4 Bd6 11. Bb2 O-O 12. Nh5 Nbd7 13. Qe2 Re8 14. Rad1 a6
15. Rfe1 Qc7 16. Nxf6+ Nxf6 17. Nf3 Bd7 18. Ne5 b5 19. Qf3 Rad8 20. Re4 Bc6 $4
21. Nxc6 Qxc6 22. Bxf6 gxf6 23. Rg4+ Kf8 24. Qxc6 1-0

[Event "Mechanics' Fall TNM; 30/90, SD/30"]
[Site "San Francisco"]
[Date "2010.12.07"]
[Round "8.4"]
[White "Gray, William"]
[Black "Wong, Russell"]
[Result "0-1"]
[WhiteElo "2006"]
[BlackElo "2200"]
[PlyCount "53"]
[EventDate "2010.??.??"]

1. Nf3 d6 2. e4 e5 3. d4 exd4 4. Nxd4 g6 5. Nc3 Bg7 6. Bf4 Nc6 7. Nxc6 bxc6 8.
Qd2 Be6 9. O-O-O Rb8 10. h4 Qc8 11. h5 Qb7 12. b3 Qb4 13. Nb1 Qxe4 14. Be2 Qxf4
15. Qxf4 Bh6 16. Qxh6 Nxh6 17. hxg6 hxg6 18. Rd4 Kf8 19. Ra4 Ra8 20. Bf3 Bd7
21. Ra6 d5 22. c4 dxc4 23. bxc4 Kg7 24. Bxc6 Bxc6 25. Rxc6 Rhc8 26. Re1 Nf5 27.
Re4 {remainder illegible} 0-1

[Event "Mechanics' Fall TNM; 30/90, SD/30"]
[Site "San Francisco"]
[Date "2010.11.30"]
[Round "7.1"]
[White "Gray, William"]
[Black "Zavadsky, Peter"]
[Result "0-1"]
[WhiteElo "2006"]
[BlackElo "2290"]
[PlyCount "56"]
[EventDate "2010.??.??"]

1. f4 d5 2. Nf3 c5 3. e3 Bg4 4. Be2 Nc6 5. O-O Nf6 6. Ne5 Bxe2 7. Qxe2 Qc7 8.
d4 cxd4 9. Nxc6 bxc6 10. exd4 e6 11. f5 Bd6 12. g3 O-O 13. Bf4 Bxf4 14. Rxf4
Rae8 15. fxe6 Rxe6 16. Qg2 Re1+ 17. Rf1 Rxf1+ 18. Kxf1 Qb6 19. c3 Re8 20. Na3
Qa6+ 21. c4 dxc4 22. Kg1 c3 23. Qc2 cxb2 24. Qxb2 Qd3 25. Nc2 h5 26. Nb4 Qe3+
27. Kg2 a5 28. Nc2 Qe2+ 0-1

[Event "Mechanics' Fall TNM; 30/90, SD/30"]
[Site "San Francisco"]
[Date "2010.11.30"]
[Round "7.9"]
[White "Grey, Peter"]
[Black "Abraham, Renjish"]
[Result "1-0"]
[WhiteElo "2016"]
[BlackElo "1821"]
[PlyCount "59"]
[EventDate "2010.??.??"]

1. e4 c5 2. Nf3 d6 3. d4 cxd4 4. Nxd4 Nf6 5. Nc3 g6 6. Be3 a6 7. f3 Bg7 8. Qd2
Nc6 9. Bc4 Ne5 10. Bb3 Bd7 11. Bh6 O-O 12. Bxg7 Kxg7 13. O-O-O b5 14. Qg5 Qb6
15. h4 h5 16. Nf5+ Bxf5 17. exf5 Nc4 18. Rhe1 Ra7 19. Nd5 Nxd5 20. Rxd5 Qc7 21.
g4 hxg4 22. fxg4 Ne5 23. Rf1 Qd7 24. f6+ exf6 25. Qxf6+ Kg8 26. Rxe5 dxe5 27.
Qxg6+ Kh8 28. Qh6+ Kg8 29. Qg5+ Kh8 30. Rf6 1-0

[Event "Mechanics' Fall TNM; 30/90, SD/30"]
[Site "San Francisco"]
[Date "2010.11.16"]
[Round "5.9"]
[White "Grey, Peter"]
[Black "Alzhin, Leonid"]
[Result "1-0"]
[WhiteElo "2016"]
[BlackElo "1525"]
[PlyCount "75"]
[EventDate "2010.??.??"]

1. e4 c5 2. Nf3 Nc6 3. d4 e6 4. d5 exd5 5. exd5 Qe7+ 6. Be2 Ne5 7. O-O d6 8.
Re1 Bd7 9. Nc3 O-O-O 10. Bf4 f6 11. Qd2 Qf7 12. a4 Ne7 13. Red1 Kb8 14. Bxe5
fxe5 15. Ng5 Qe8 16. Bb5 Nf5 17. Ne6 Rc8 18. Bxd7 Qxd7 19. Ne4 h6 20. c3 Qf7
21. Qe2 a6 22. f3 g5 23. Rac1 Be7 24. b4 c4 25. b5 Ng7 26. Nxg7 Qxg7 27. Nd2 g4
28. fxg4 axb5 29. axb5 Bg5 30. Ra1 Bxd2 31. Rxd2 Rc5 32. b6 Rb5 33. Qxc4 Rxb6
34. Rda2 Ra6 35. Rxa6 bxa6 36. Qxa6 Qb7 37. Qxd6+ Kc8 38. Qe6+ 1-0

[Event "Mechanics' Fall TNM; 30/90, SD/30"]
[Site "San Francisco"]
[Date "2010.11.02"]
[Round "3.2"]
[White "Grey, Peter"]
[Black "Manvelyan, Hayk"]
[Result "0-1"]
[WhiteElo "2016"]
[BlackElo "2167"]
[PlyCount "114"]
[EventDate "2010.??.??"]

1. e4 c5 2. Nf3 Nf6 3. e5 Nd5 4. Nc3 Nxc3 5. dxc3 Nc6 6. Bc4 e6 7. O-O d5 8.
exd6 Bxd6 9. Re1 O-O 10. Ng5 Ne5 11. Bd3 h6 12. Ne4 Nxd3 13. Qxd3 Be7 14. Be3
b6 15. Rad1 Bb7 16. Nd6 Bxd6 17. Qxd6 Qf6 18. Qd3 Rad8 19. Qe2 Qg6 20. f3 e5
21. Rxd8 Rxd8 22. Rd1 Rxd1+ 23. Qxd1 f5 24. Bf2 f4 25. g3 Kh7 26. Qd3 e4 27.
fxe4 Bxe4 28. Qd2 f3 29. Qf4 Bc6 30. g4 Be4 31. Be3 Qc6 32. Kf2 Qd5 33. h4 Qc4
34. Kg3 Qe6 35. h5 Bxc2 36. Qxf3 Qxa2 37. Bc1 Qe6 38. Qe3 Qf7 39. Qf2 Qxf2+ 40.
Kxf2 Kg8 41. Kg3 Kf7 42. Kh4 Ke6 43. g5 hxg5+ 44. Kxg5 Kd5 45. Bf4 Kc4 46. Be5
Kb3 47. c4 Kxc4 48. Bxg7 Kb3 49. Kf4 c4 50. Ke3 b5 51. Kd4 a5 52. Kc5 b4 53.
Kb5 a4 54. Bf8 c3 55. bxc3 bxc3 56. Bb4 Bd3+ 57. Kc5 c2 0-1

[Event "Mechanics' Fall TNM; 30/90, SD/30"]
[Site "San Francisco"]
[Date "2010.10.20"]
[Round "1.11"]
[White "Grey, Peter"]
[Black "Zhang, Jeffrey"]
[Result "1-0"]
[WhiteElo "2016"]
[BlackElo "1607"]
[PlyCount "135"]
[EventDate "2010.??.??"]

1. e4 e6 2. d4 d5 3. Nc3 dxe4 4. Nxe4 Nd7 5. Nf3 Ngf6 6. Nxf6+ Nxf6 7. Bd3 c5
8. O-O cxd4 9. Nxd4 Bc5 10. c3 Bxd4 11. cxd4 O-O 12. Bg5 h6 13. Bh4 Qd5 14.
Bxf6 gxf6 15. Qg4+ Qg5 16. Qe4 f5 17. Qe5 Bd7 18. f4 Qg7 19. Rf3 Qxe5 20. dxe5
Bc6 21. Rh3 Kg7 22. Re1 Rg8 23. Ree3 Kh7 24. Rhg3 Rxg3 25. Rxg3 Rg8 26. Rxg8
Kxg8 27. Be2 Kg7 28. g4 Kg6 29. Kf2 fxg4 30. Bxg4 Bd5 31. a3 f6 32. h4 h5 33.
Bh3 f5 34. Ke3 b6 35. Bf1 Kf7 36. Be2 Kg6 37. Kd4 Bc6 38. b4 Bd7 39. Bd1 Bc6
40. a4 Bd7 41. a5 Bc6 42. Be2 Bd7 43. Ba6 Bc6 44. axb6 axb6 45. Kc4 Kf7 46. Bb5
Bb7 47. Ba4 Ba6+ 48. Kd4 Kg6 49. Be8+ Kh6 50. Bd7 Kg7 51. Bxe6 Bb7 52. Bxf5 Kf7
53. Be4 Bc8 54. f5 Kg7 55. f6+ Kf7 56. Bd5+ Ke8 57. e6 Kf8 58. e7+ Ke8 59. Bc6+
Bd7 60. Kd5 b5 61. Kd6 Bxc6 62. Kxc6 Kf7 63. Kd7 Kxf6 64. e8=Q Kg7 65. Ke7 Kh6
66. Kf6 Kh7 67. Qf7+ Kh6 68. Qg6# 1-0

[Event "Mechanics' Fall TNM; 30/90, SD/30"]
[Site "San Francisco"]
[Date "2010.12.14"]
[Round "9.16"]
[White "Harris, John"]
[Black "Milliken, William"]
[Result "1-0"]
[WhiteElo "1596"]
[BlackElo "1681"]
[PlyCount "43"]
[EventDate "2010.??.??"]

1. e4 e5 2. Nf3 Nc6 3. d4 exd4 4. Nxd4 Bc5 5. Be3 Qf6 6. c3 Nge7 7. Bc4 Ne5 8.
Be2 h5 9. Nf5 Bxe3 10. Nxe3 c6 11. Nd2 d6 12. Ndc4 O-O 13. Qxd6 Qxd6 14. Nxd6
g6 15. Nxc8 Raxc8 16. O-O-O f5 17. f4 Ng4 18. Nxg4 hxg4 19. Bc4+ Kg7 20. Rd7
Rfe8 21. exf5 gxf5 22. Re1 1-0

[Event "Mechanics' Fall TNM; 30/90, SD/30"]
[Site "San Francisco"]
[Date "2010.11.23"]
[Round "6.22"]
[White "Harris, John"]
[Black "Montoya, Daniel"]
[Result "1/2-1/2"]
[WhiteElo "1596"]
[BlackElo "1483"]
[PlyCount "63"]
[EventDate "2010.??.??"]

1. e4 e5 2. Nf3 Nc6 3. d4 exd4 4. Nxd4 Bc5 5. Be3 Qf6 6. c3 Nge7 7. Bc4 Ne5 8.
Be2 Qg6 9. O-O d6 10. f4 Bh3 11. Bf3 Nxf3+ 12. Qxf3 Bd7 13. Nd2 h5 14. f5 Qg4
15. f6 Qxf3 16. Rxf3 gxf6 17. a4 a6 18. b4 Ba7 19. Rxf6 O-O-O 20. N2f3 Ng8 21.
Rxf7 Nh6 22. Rf6 Ng4 23. Bg5 Nxf6 24. Bxf6 Rhg8 25. Bxd8 Kxd8 26. h4 Rg4 27. e5
dxe5 28. Nxe5 Bxd4+ $4 (28... Rxd4 29. cxd4 Bxd4+) 29. cxd4 Rxd4 30. Nxd7 Kxd7
31. Rb1 Rxh4 32. Kf2 {Black is better and should play on.} 1/2-1/2

[Event "Mechanics' Fall TNM; 30/90, SD/30"]
[Site "San Francisco"]
[Date "2010.11.03"]
[Round "3.22"]
[White "Harris, John"]
[Black "Nelson, Christopher"]
[Result "1-0"]
[WhiteElo "1596"]
[BlackElo "1544"]
[PlyCount "27"]
[EventDate "2010.??.??"]

1. e4 e5 2. Nf3 Nc6 3. d4 exd4 4. Nxd4 Nf6 5. Nxc6 bxc6 6. e5 Nd5 7. Bc4 Bb7 8.
O-O Be7 9. Qg4 Rg8 10. Rd1 Nb6 11. Bxf7+ Kxf7 12. e6+ Ke8 13. Qh5+ g6 14. Qxh7
1-0

[Event "Mechanics' Fall TNM; 30/90, SD/30"]
[Site "San Francisco"]
[Date "2010.11.30"]
[Round "7.23"]
[White "Harris, John"]
[Black "Rakonitz, David"]
[Result "1-0"]
[WhiteElo "1596"]
[BlackElo "1347"]
[PlyCount "83"]
[EventDate "2010.??.??"]

1. e4 e6 2. d4 d5 3. Nc3 dxe4 4. Nxe4 Nd7 5. Nf3 Ngf6 6. Nxf6+ Nxf6 7. Bg5 Be7
8. Bd3 O-O 9. Qe2 c5 10. O-O-O cxd4 11. Kb1 b6 12. Bxf6 Bxf6 13. Qe4 g6 14.
Qxa8 Qc7 15. Qe4 Bb7 16. Qe2 Bd5 17. Nd2 Qb7 18. Be4 Rc8 19. Bxd5 Qxd5 20. Qe4
Qc5 21. Nb3 Qc4 22. Qd3 e5 23. Qxc4 Rxc4 24. Rhe1 Rc8 25. Nc1 Bg7 26. Nd3 Re8
27. f4 e4 28. Ne5 f6 29. Nc6 f5 30. Nxd4 Bxd4 31. Rxd4 Re7 32. Kc1 Kf8 33. Red1
Ke8 34. Rd8+ Kf7 35. R8d7 Ke6 36. Rxe7+ Kxe7 37. Rd4 h6 38. Kd2 g5 39. Ke3 Ke6
40. b4 b5 41. c4 bxc4 42. Rxc4 1-0

[Event "Mechanics' Fall TNM; 30/90, SD/30"]
[Site "San Francisco"]
[Date "2010.11.23"]
[Round "6.25"]
[White "Hilliard, Michael"]
[Black "Allen, Tom"]
[Result "1-0"]
[WhiteElo "1543"]
[BlackElo "1530"]
[PlyCount "85"]
[EventDate "2010.??.??"]

1. d4 d5 2. Nf3 Nc6 3. e3 Bg4 4. c4 e6 5. Qb3 Bxf3 6. Qxb7 dxc4 7. gxf3 Na5 8.
Qb5+ c6 9. Qe5 Nf6 10. Bd2 Nb7 11. Bxc4 h6 12. Qg3 Nd6 13. Bb3 Nf5 14. Qg2 Nh4
15. Qh3 Nh7 16. f4 g5 17. Bc3 Rg8 18. Nd2 Nf6 19. O-O-O Nd5 20. e4 Nxf4 21. Qf1
Bg7 22. Nc4 Nf3 23. d5 Bxc3 24. bxc3 cxd5 25. exd5 Nxd5 26. Ne3 Qa5 27. Nxd5
exd5 28. Qe2+ Kf8 29. Qxf3 Rc8 30. Rd3 g4 31. Qe3 Rg5 32. Re1 Qa3+ 33. Kc2 Qd6
34. Qg3 Qd7 35. Re5 d4 36. c4 Rg6 37. Qf4 Rd6 38. Qf5 Qxf5 39. Rxf5 Re8 40. Kd2
Re4 41. c5 Rd7 42. Rd5 Rde7 43. R3xd4 1-0

[Event "Mechanics' Fall TNM; 30/90, SD/30"]
[Site "San Francisco"]
[Date "2010.11.09"]
[Round "4.19"]
[White "Hilliard, Michael"]
[Black "Dembling, Arthur"]
[Result "0-1"]
[WhiteElo "1543"]
[BlackElo "1775"]
[PlyCount "84"]
[EventDate "2010.??.??"]

1. d4 Nf6 2. Bg5 d5 3. Bxf6 exf6 4. Nf3 Be6 5. e3 Bd6 6. Bd3 O-O 7. O-O c5 8.
c3 f5 9. Nbd2 Nd7 10. Qc2 g6 11. Rac1 Nf6 12. b3 Rc8 13. c4 cxd4 14. Nxd4 Re8
15. Qb2 Qe7 16. Nb5 Bb8 17. Nf3 a6 18. Nbd4 dxc4 19. Bxc4 Bxc4 20. Rxc4 Rxc4
21. bxc4 Ne4 22. Rb1 Nc5 23. Qb4 Bd6 24. Nb3 Ne4 25. Qb6 Rc8 26. Nbd2 Nc5 27.
Qb2 Rc7 28. Qd4 Rd7 29. Qc3 Rc7 30. Nd4 Ne4 31. Nxe4 Qxe4 32. Rc1 Qe5 33. Nf3
Qc5 34. Nd2 Be5 35. Qd3 Qb4 36. Qd8+ Kg7 37. Qd5 Bf6 38. Rb1 Qe7 39. Qd3 Rd7
40. Qc2 Qd6 41. Nb3 Qd3 42. Rc1 Qxc2 0-1

[Event "Mechanics' Fall TNM; 30/90, SD/30"]
[Site "San Francisco"]
[Date "2010.12.07"]
[Round "8.24"]
[White "Hilliard, Michael"]
[Black "Nelson, Christopher"]
[Result "1/2-1/2"]
[WhiteElo "1543"]
[BlackElo "1544"]
[PlyCount "137"]
[EventDate "2010.??.??"]

1. d4 f5 2. Nc3 Nf6 3. Bg5 e6 4. Bxf6 Qxf6 5. e4 Bb4 6. exf5 O-O 7. Nf3 Qxf5 8.
Qd3 Qf4 9. Qc4 Nc6 10. d5 exd5 11. Qxd5+ Kh8 12. Qc4 Re8+ 13. Kd1 Qf6 14. a3
Ba5 15. Bd3 d6 16. Qh4 Qxh4 17. Nxh4 Ne5 18. Re1 Bd7 19. Kd2 d5 20. b4 Nxd3 21.
Kxd3 Bb6 22. Rxe8+ Rxe8 23. f4 c6 24. h3 Re3+ 25. Kd2 Bd4 26. Nd1 Re4 27. c3
Bf6 28. Nf3 Rxf4 29. Nf2 Rc4 30. Rc1 Bf5 31. Nd3 b6 32. Nde5 Bxe5 33. Nxe5 Rf4
34. g4 Be4 35. Re1 c5 36. Nd3 Rf3 37. Re3 Rf1 38. c4 h6 39. cxd5 Bxd5 40. bxc5
bxc5 41. Nxc5 Rf2+ 42. Re2 Rf1 43. Re1 Rf8 44. Re5 Bg2 45. h4 Rf4 46. g5 Rxh4
47. g6 Rd4+ 48. Ke3 Rd8 49. Re7 Bd5 50. Rxa7 Rd6 51. Rd7 Rxd7 52. Nxd7 Bc6 53.
Ne5 Bd5 54. a4 Kg8 55. a5 Kf8 56. a6 Ke7 57. a7 Kf6 58. Nd7+ Kxg6 59. Nb6 Bb7
60. a8=Q Bxa8 61. Nxa8 {theoretical draw} Kg5 62. Kf2 Kg4 63. Kg2 h5 64. Nb6 h4
65. Nd5 h3+ 66. Kh2 g5 67. Ne3+ Kf3 68. Nf1 g4 69. Ng3 1/2-1/2

[Event "Mechanics' Fall TNM; 30/90, SD/30"]
[Site "San Francisco"]
[Date "2010.11.03"]
[Round "3.20"]
[White "Hilliard, Michael"]
[Black "Sherwood, Peter"]
[Result "0-1"]
[WhiteElo "1543"]
[BlackElo "1808"]
[PlyCount "90"]
[EventDate "2010.??.??"]

1. d4 d5 2. Nf3 Nf6 3. e3 e6 4. Bd3 c5 5. c3 Bd6 6. Nbd2 Nc6 7. O-O O-O 8. Re1
e5 9. e4 cxd4 10. cxd4 h6 11. exd5 Nxd4 12. Nxe5 Qc7 13. Ndf3 Nxf3+ 14. Nxf3
Nxd5 15. Bd2 Bg4 16. Rc1 Qd7 17. Bc4 Nf6 18. Bc3 Qd8 19. Qd3 Be6 20. Rcd1 Bxc4
21. Qxc4 Ne8 22. Bb4 Qf6 23. Bc3 Qf5 24. Rxe8 Bxh2+ 25. Kxh2 Rfxe8 26. Qd4 f6
27. Nh4 Qh5 28. Kg1 Rad8 29. Qxd8 Rxd8 30. Rxd8+ Kf7 31. Nf3 Ke7 32. Rb8 Qd5
33. Bd4 b6 34. a3 g5 35. Bc3 h5 36. Rh8 h4 37. Rh7+ Ke8 38. Bxf6 Qd1+ 39. Kh2
Qd6+ 40. Be5 Qc5 41. Bd4 Qf5 42. Rg7 g4 43. Nxh4 Qf4+ 44. g3 Qxd4 45. Kg2 Qxg7
0-1

[Event "Mechanics' Fall TNM; 30/90, SD/30"]
[Site "San Francisco"]
[Date "2010.11.23"]
[Round "6.12"]
[White "Khristoforov, Sergey"]
[Black "Dembling, Arthur"]
[Result "0-1"]
[WhiteElo "2167"]
[BlackElo "1775"]
[PlyCount "84"]
[EventDate "2010.??.??"]

1. d4 Nf6 2. c4 e6 3. Nc3 Bb4 4. Qc2 d5 5. cxd5 Qxd5 6. Nf3 Qf5 7. Qxf5 exf5 8.
Bd2 c6 9. e3 Nbd7 10. Bd3 Nb6 11. O-O O-O 12. a3 Be7 13. b4 Be6 14. Rac1 Bc4
15. Bxc4 Nxc4 16. Nb1 Nd6 (16... b5 17. Ne5 $11) 17. Rc2 Nde4 18. Rfc1 a6 19.
Ne5 Rfd8 20. f3 Nd6 (20... Nxd2 21. Nxd2 (21. Rxd2 a5 $1) 21... f4 (21... a5
22. bxa5 Rxa5 23. Rb1 Ra7 24. Rcb2 $14)) 21. a4 Nd7 22. Nd3 Rac8 23. Nc5 Nxc5
24. dxc5 (24. bxc5 $14) 24... Ne8 25. e4 $2 (25. Na3 {
intending Nc4 was equal. White starts to overpress.}) 25... fxe4 26. fxe4 Nf6
27. e5 Ne4 $1 28. Bf4 Rd4 $1 29. Rb2 Rcd8 30. Nc3 $4 (30. g3 g5 31. Be3 Rd3 32.
Re1 R8d5 {is hardly pleasant for White but had to be played.}) 30... Nxc3 31.
Rxc3 Rxf4 32. g3 Re4 33. b5 axb5 34. axb5 Rxe5 35. bxc6 bxc6 36. Rbc2 Rdd5 37.
Kg2 g6 38. g4 Rxc5 39. Rxc5 Rxc5 40. Re2 Bf6 41. Kf3 Kg7 42. Re3 Rc3 0-1

[Event "Mechanics' Fall TNM; 30/90, SD/30"]
[Site "San Francisco"]
[Date "2010.11.16"]
[Round "5.18"]
[White "Khristoforov, Sergey"]
[Black "Harris, John"]
[Result "1-0"]
[WhiteElo "2167"]
[BlackElo "1596"]
[PlyCount "61"]
[EventDate "2010.??.??"]

1. d4 Nf6 2. c4 g6 3. Nc3 d5 4. cxd5 Nxd5 5. e4 Nxc3 6. bxc3 Bg7 7. Bc4 O-O 8.
Ne2 c5 9. O-O Nc6 10. Be3 e5 11. d5 Na5 12. Qd3 b6 13. a4 Bb7 14. Ba6 Qd7 15.
Bxb7 Nxb7 16. c4 f5 17. f3 Nd6 18. Rfb1 fxe4 19. fxe4 Qg4 20. Nc3 Rad8 21. a5
Nc8 22. axb6 axb6 23. Ra6 Qd7 24. Na4 Qe7 25. Nxb6 Qb7 26. Qa3 Nxb6 27. Raxb6
Qf7 28. Bxc5 Ra8 29. Qxa8 Rxa8 30. Rb8+ Rxb8 31. Rxb8+ 1-0

[Event "Mechanics' Fall TNM; 30/90, SD/30"]
[Site "San Francisco"]
[Date "2010.12.14"]
[Round "9.8"]
[White "Khristoforov, Sergey"]
[Black "Ochoa, Jason"]
[Result "0-1"]
[WhiteElo "2167"]
[BlackElo "1900"]
[PlyCount "48"]
[EventDate "2010.??.??"]

1. d4 Nc6 2. d5 Ne5 3. Bf4 Ng6 4. Bg3 Nf6 5. c4 e6 6. Nc3 Bb4 7. Nf3 Ne4 8. Qd4
Qf6 9. Rc1 Qxd4 10. Nxd4 Nxc3 11. bxc3 Ba5 12. Nb3 Bb6 13. e4 $4 (13. c5) 13...
d6 14. h4 O-O 15. a4 e5 16. a5 Bc5 17. h5 Nf4 18. f3 Be3 19. Nd2 Bd7 20. Bxf4
Bxf4 21. Bd3 b6 22. axb6 axb6 23. Ke2 Ra2 24. Rhd1 Ba4 0-1

[Event "Mechanics' Fall TNM; 30/90, SD/30"]
[Site "San Francisco"]
[Date "2010.11.09"]
[Round "4.10"]
[White "Klinetobe, David"]
[Black "Chalissery, Jossy"]
[Result "1-0"]
[WhiteElo "2010"]
[BlackElo "1698"]
[PlyCount "97"]
[EventDate "2010.??.??"]

1. e4 b6 2. d4 Bb7 3. Bd3 e6 4. Qe2 c5 5. c3 Nf6 6. Nf3 Nc6 7. d5 Na5 8. Bg5 h6
9. Bh4 g5 10. Bg3 Nh5 11. c4 Nxg3 12. hxg3 Bg7 13. Nc3 Bxc3+ 14. bxc3 Qf6 15.
Qd2 exd5 16. cxd5 c4 17. Bc2 Qe7 18. Qd4 O-O-O 19. O-O f6 20. Nd2 Qe5 21. Nxc4
Nxc4 22. Qxc4+ Kb8 23. Qd4 Rc8 24. Ba4 Qxd4 25. cxd4 Rc4 26. Bxd7 Rxd4 27. f3
Bc8 28. Bc6 Rd8 29. Rfd1 Rxd1+ 30. Rxd1 Bb7 31. Bxb7 Kxb7 32. Rc1 Rd6 33. Kf2
f5 34. Ke3 fxe4 35. fxe4 Rd7 36. Kd4 Rf7 37. Rc2 Rc7 38. Rxc7+ Kxc7 39. Ke5 Kd7
40. d6 a5 41. Kd5 b5 42. e5 b4 43. e6+ Kd8 44. Kc4 g4 45. Kb5 h5 46. Kxa5 h4
47. gxh4 g3 48. h5 b3 49. axb3 1-0

[Event "Mechanics' Fall TNM; 30/90, SD/30"]
[Site "San Francisco"]
[Date "2010.12.07"]
[Round "8.8"]
[White "Klinetobe, David"]
[Black "Newey, Richard"]
[Result "1-0"]
[WhiteElo "2010"]
[BlackElo "1744"]
[PlyCount "33"]
[EventDate "2010.??.??"]

1. e4 c5 2. Nf3 e6 3. d4 cxd4 4. Nxd4 a6 5. Bd3 Qc7 6. O-O Nf6 7. Qe2 Bc5 8.
Nb3 Ba7 9. e5 Nd5 10. c4 Ne7 11. Nc3 b6 12. Re1 Bb7 13. Bf4 Nbc6 14. Rad1 Rc8
15. Qh5 Na5 16. Nd2 g6 17. Qg5 1-0

[Event "Mechanics' Fall TNM; 30/90, SD/30"]
[Site "San Francisco"]
[Date "2010.11.30"]
[Round "7.3"]
[White "Klinetobe, David"]
[Black "Traub, Igor"]
[Result "0-1"]
[WhiteElo "2010"]
[BlackElo "2119"]
[PlyCount "62"]
[EventDate "2010.??.??"]

1. e4 d5 2. exd5 Nf6 3. d4 Nxd5 4. c4 Nb6 5. Nf3 g6 6. Nc3 Bg7 7. c5 Nd5 8. Bc4
e6 9. O-O O-O 10. Qb3 Nxc3 11. bxc3 h6 12. Re1 Nc6 13. Qc2 b6 14. Ba3 Re8 15.
Rad1 Bb7 16. d5 exd5 17. Rxe8+ Qxe8 18. Bxd5 Na5 19. cxb6 Bxd5 20. Rxd5 axb6
21. h3 Nc4 22. Bc1 Qc6 23. Rd1 Qa4 24. Rd8+ Kh7 25. Qxa4 Rxa4 26. Bf4 c5 27.
Rd7 g5 28. Bg3 Kg6 29. Rd3 Rxa2 30. Kf1 Rc2 31. Rd5 Bxc3 0-1

[Event "Mechanics' Fall TNM; 30/90, SD/30"]
[Site "San Francisco"]
[Date "2010.10.26"]
[Round "2.1"]
[White "Klinetobe, David"]
[Black "Zavadsky, Peter"]
[Result "0-1"]
[WhiteElo "2010"]
[BlackElo "2290"]
[PlyCount "94"]
[EventDate "2010.??.??"]

1. e4 e6 2. d4 d5 3. Nd2 a6 4. Ngf3 c5 5. exd5 exd5 6. Be2 Nf6 7. O-O Be7 8.
dxc5 Bxc5 9. Nb3 Bb6 10. Nbd4 O-O 11. c3 Nc6 12. Bf4 Bg4 13. h3 Bh5 14. Be3 Re8
15. Re1 Ne4 16. Qb3 Na5 17. Qa4 Bc7 18. Rad1 b5 19. Qc2 Qf6 20. Nb3 Nc4 $1 21.
Bd4 $2 (21. Rxd5 Nxe3 22. fxe3 Qh6 {
is good for Black but after 21.Bd4 Qd6! Peter is winning.}) 21... Qd6 $1 22. g4
Bxg4 $2 (22... Bg6 {with ideas of ...h5 and ...Ng5 would have won quickly.})
23. hxg4 Qf4 24. Rd3 $2 (24. Kf1 Qxg4 25. Ng1 {was necessary.}) 24... Qxg4+ 25.
Kf1 Qh3+ 26. Kg1 Re6 27. Ne5 Rg6+ 28. Bg4 Rxg4+ 29. Nxg4 Qxg4+ 30. Kf1 Re8 31.
Qd1 Qf4 32. f3 Nxb2 33. Qc2 Nxd3 34. Qxd3 Qf5 35. Re3 Re6 36. Ke1 Ng3 37. Rxe6
Qxe6+ 38. Kd1 Bf4 39. Nc5 Qh6 40. Kc2 Qh2+ 41. Kb3 Qe2 42. Qxe2 Nxe2 43. Nxa6
Nxd4+ 44. cxd4 h5 45. Nb4 h4 46. Nxd5 h3 47. Nxf4 h2 0-1

[Event "Mechanics' Fall TNM; 30/90, SD/30"]
[Site "San Francisco"]
[Date "2010.11.02"]
[Round "3.7"]
[White "Krasnov, Steven"]
[Black "Bambou, Christophe"]
[Result "0-1"]
[WhiteElo "1926"]
[BlackElo "2093"]
[PlyCount "78"]
[EventDate "2010.??.??"]

1. d4 Nf6 2. Nf3 g6 3. Bf4 Bg7 4. e3 O-O 5. h3 d6 6. c4 c5 7. Nc3 Qa5 8. Qd2
cxd4 9. exd4 e5 10. Nb5 Qxd2+ 11. Bxd2 Ne8 12. dxe5 dxe5 13. Bb4 e4 14. Bxf8
Kxf8 15. Nd2 Bxb2 16. Rb1 Be5 17. Nxe4 a6 18. Na3 Bf5 19. Bd3 Nd7 20. g4 Bxe4
21. Bxe4 Nc5 22. Bxb7 Bc3+ 23. Ke2 Ra7 24. Bd5 Nd6 25. Nc2 Re7+ 26. Ne3 f5 27.
gxf5 Nxf5 28. Rb8+ Kg7 29. Kf3 Nh4+ 30. Kg3 Be5+ 31. Kxh4 Bxb8 32. Rg1 Re5 33.
Rg5 h5 34. Rxe5 Bxe5 35. Kg5 Nd3 36. Kh4 Kh6 37. Ng4+ hxg4 38. hxg4 g5+ 39. Kh3
Nf4+ 0-1

[Event "Mechanics' Fall TNM; 30/90, SD/30"]
[Site "San Francisco"]
[Date "2010.12.14"]
[Round "9.11"]
[White "Krasnov, Steven"]
[Black "Newey, Richard"]
[Result "1-0"]
[WhiteElo "1926"]
[BlackElo "1744"]
[PlyCount "71"]
[EventDate "2010.??.??"]

1. c4 Nf6 2. Nf3 c6 3. Nc3 d5 4. e3 e6 5. d4 Bd6 6. Bd3 O-O 7. O-O Nbd7 8. b3
dxc4 9. bxc4 e5 10. Qc2 Re8 11. Rd1 Qe7 12. dxe5 Nxe5 13. Be2 Bg4 14. Bb2 Nxf3+
15. gxf3 Bh3 16. Kh1 Ba3 17. Rab1 Bxb2 18. Qxb2 b6 19. Rg1 Bf5 20. Rbe1 Bg6 21.
Bd1 Rad8 22. f4 Qf8 23. Bf3 Ne4 24. Rxg6 Rd2 25. Qc1 Nxf2+ 26. Kg2 Red8 27.
Rxc6 Nd3+ 28. Qxd2 Nxf4+ 29. exf4 Rxd2+ 30. Kg3 g6 31. Ne4 Rxa2 32. Nf6+ Kg7
33. Re8 Qb4 34. Rg8+ Kh6 35. Ng4+ Kh5 36. Ne5+ 1-0

[Event "Mechanics' Fall TNM; 30/90, SD/30"]
[Site "San Francisco"]
[Date "2010.11.23"]
[Round "6.13"]
[White "Krasnov, Steven"]
[Black "Salvo, Tab"]
[Result "1-0"]
[WhiteElo "1926"]
[BlackElo "1762"]
[PlyCount "51"]
[EventDate "2010.??.??"]

1. d4 d6 2. Nf3 Nf6 3. Bf4 c5 4. e3 g6 5. h3 Bg7 6. Be2 O-O 7. O-O cxd4 8. exd4
b6 9. c4 e6 10. Nc3 Bb7 11. Nb5 Ne8 12. Qd2 a6 13. Nc3 Nd7 14. Rfd1 Ndf6 15.
Rac1 Rc8 16. b3 Bh8 17. d5 e5 18. Be3 Rb8 19. Ng5 Bc8 20. a4 Ng7 21. Nge4 Nf5
22. Bg5 Nd4 23. Rb1 Nxe2+ 24. Qxe2 Bg7 25. Qf3 Bf5 26. g4 1-0

[Event "Mechanics' Fall TNM; 30/90, SD/30"]
[Site "San Francisco"]
[Date "2010.10.26"]
[Round "2.3"]
[White "Krasnov, Steven"]
[Black "Wong, Russell"]
[Result "1/2-1/2"]
[WhiteElo "1926"]
[BlackElo "2200"]
[PlyCount "100"]
[EventDate "2010.??.??"]

1. d4 g6 2. Nf3 Bg7 3. c4 Nf6 4. Nc3 d6 5. Bf4 O-O 6. h3 c6 7. e3 Nbd7 8. Be2
h6 9. O-O Nh7 10. Qd2 e5 11. Bh2 f5 12. d5 c5 13. Nb5 Ndf6 14. Rab1 Ne4 15. Qc2
a6 16. Nc3 Nxc3 17. bxc3 g5 18. Kh1 g4 19. Ng1 Ng5 20. f4 gxf3 21. Nxf3 f4 22.
Qd2 Ne4 23. Qc2 Qa5 24. Rb3 Ng3+ 25. Bxg3 fxg3 26. Bd3 Qd8 27. Kg1 Ra7 28. Qb1
Qe7 29. Be4 Kh8 30. Qe1 Rg8 31. Qxg3 Bf6 32. Qh2 Bh4 33. Nxh4 Qxh4 34. g4 b5
35. Rb2 Rag7 36. Rg2 h5 37. Bf5 Bxf5 38. Rxf5 Qe1+ 39. Rf1 Qxe3+ 40. Kh1 hxg4
41. Rxg4 Rh7 42. Rxg8+ Kxg8 43. Rg1+ Kf8 44. Rg3 Qe1+ 45. Qg1 Qxg1+ 46. Kxg1
Rg7 47. Kf2 Rxg3 48. Kxg3 b4 $4 49. cxb4 cxb4 50. h4 a5 {
Both players were very short of time.} 1/2-1/2

[Event "Mechanics' Fall TNM; 30/90, SD/30"]
[Site "San Francisco"]
[Date "2010.10.20"]
[Round "1.24"]
[White "Lazaro, Fernando"]
[Black "Sherwood, Peter"]
[Result "0-1"]
[WhiteElo "1300"]
[BlackElo "1808"]
[PlyCount "80"]
[EventDate "2010.??.??"]

1. d4 Nf6 2. c4 g6 3. Nf3 Bg7 4. e3 O-O 5. Bd3 c5 6. d5 d6 7. O-O e6 8. e4 exd5
9. cxd5 Nbd7 10. Nc3 Re8 11. Re1 Ng4 12. h3 Nge5 13. Nxe5 Nxe5 14. Bc2 a6 15.
f4 Nd7 16. f5 Ne5 17. Bf4 b5 18. a3 Ra7 19. Rb1 Rae7 20. Bg5 f6 21. Bf4 Bb7 22.
fxg6 hxg6 23. Bxe5 Rxe5 24. Ne2 Bh6 25. Ng3 Qe7 26. Nh1 Bxd5 27. Nf2 Bf7 28.
Ng4 Rh5 29. Nxh6+ Rxh6 30. Qg4 Rh5 31. Rf1 Rg5 32. Qf4 Kg7 33. Rf2 Qe5 34. Qf3
Rg3 35. Qe2 Be6 36. b3 Bxh3 37. Kf1 Bg4 38. Qd2 Rh8 39. Kg1 Qh5 40. Rf4 Qh1+
0-1